La nuit du Décret

保存先:
書誌詳細
第一著者: Castillo, Michel del
フォーマット: 図書
言語:Undetermined
出版事項: París, Francia Seuil 1981
主題:
タグ: タグ追加
タグなし, このレコードへの初めてのタグを付けませんか!

MARC

LEADER 00000nam a2200000Ia 4500
008 170316s9999 xx 000 0 und d
040 |a cru BVZT 
090 |a 840 C-3.1n 
100 |a Castillo, Michel del 
245 |a La nuit du Décret 
260 |a París, Francia 
260 |b Seuil 
260 |c 1981 
300 |a 335 páginas 
650 |a LITERATURA FRANCESA 
999 |c 7601  |d 7601 
942 |c 15 D  |h 840 C-3.1n  |2 z